书目信息 |
| 题名: |
情趣交响
|
|
| 作者: | 寇忠泉 编著 | |
| 分册: | ||
| 出版信息: | 北京 中国文联出版社 2016 |
|
| 页数: | 359页 | |
| 开本: | 24cm | |
| 丛书名: | ||
| 单 册: | ||
| 中图分类: | G633.951.2 | |
| 科图分类: | ||
| 主题词: | 音乐课--yin yue ke--课堂教学--教学设计--中小学 | |
| 电子资源: | ||
| ISBN: | 978-7-5059-9198-9 | |
| 000 | 01013nam0 2200265 450 | |
| 001 | 012001002869 | |
| 005 | 20191029163028.14 | |
| 010 | @a978-7-5059-9198-9@dCNY68.00 | |
| 099 | @aCAL 012016130853 | |
| 100 | @a20161022d2016 em y0chiy50 ea | |
| 101 | 0 | @achi |
| 102 | @aCN@b110000 | |
| 105 | @aacgkz 000yd | |
| 106 | @ar | |
| 200 | 1 | @a情趣交响@Aqing qu jiao xiang@e寇忠泉音乐名师工作室成员成长录@f寇忠泉编著 |
| 205 | @a第2版 | |
| 210 | @a北京@c中国文联出版社@d2016 | |
| 215 | @a359页@c图, 肖像, 乐谱@d24cm | |
| 330 | @a本书收录《为生命的尊严与美好而教育》、《追求情趣交响的音乐课堂境界》、《给孩子阳光灿烂的童年》、《用爱拨动美好的音符》、《自然教育理论所思》等文章。 | |
| 517 | 1 | @a寇忠泉音乐名师工作室成员成长录@Akou zhong quan yin yue ming shi gong zuo shi cheng yuan cheng zhang lu |
| 606 | 0 | @a音乐课@Ayin yue ke@x课堂教学@x教学设计@x中小学 |
| 690 | @aG633.951.2@v5 | |
| 701 | 0 | @a寇忠泉@Akou zhong quan@4编著 |
| 801 | 2 | @aCN@b江苏凤凰@c20191020 |
| 905 | @b1216616-9@dG633.951.2@e155=2@f4 | |
| 情趣交响:寇忠泉音乐名师工作室成员成长录/寇忠泉编著.-第2版.-北京:中国文联出版社,2016 |
| 359页:图, 肖像, 乐谱;24cm |
| ISBN 978-7-5059-9198-9:CNY68.00 |
| 本书收录《为生命的尊严与美好而教育》、《追求情趣交响的音乐课堂境界》、《给孩子阳光灿烂的童年》、《用爱拨动美好的音符》、《自然教育理论所思》等文章。 |
| ● |
| 相关链接 |
|
|
|
|
正题名:情趣交响
索取号:G633.951.2/155=2
 
预约/预借
| 序号 | 登录号 | 条形码 | 馆藏地/架位号 | 状态 | 备注 |
| 1 | 1216616 | 212166163 | 第一样本阅览室/ [索取号:G633.951.2/155=2] | 在馆 | |
| 2 | 1216617 | 212166172 | 教育系资料室/ [索取号:G633.951.2/155=2] | 在馆 | |
| 3 | 1216618 | 212166181 | 教育系资料室/ [索取号:G633.951.2/155=2] | 在馆 | |
| 4 | 1216619 | 212166190 | 第四借阅区/ [索取号:G633.951.2/155=2] | 在馆 |